00322nam a22001337a 4500003000400000020001900004082001700023100002000040245003400060250000800094260006200102300001000164650001400174SGT a978-9387085190 a611.03bO18F a Faruqi, Ahmad  aOsteology for Dental Students a3rd aNEW DELHI bCBS PUBLISHERS AND DISTRIBUTORS PVT LTDc2018 a1-182 aOsteology